Waste protozoa: flagellata

Gespeichert in:
Bibliographische Detailangaben
Hauptverfasser: Calaway, Wilson T (VerfasserIn), Lackey, James B (VerfasserIn)
Format: Buch
Sprache:Englisch
Veröffentlicht: Gainesville University of Florida 1962
Schriftenreihe:Florida engineering series, 3
Schlagworte:
Tags: Tag hinzufügen
Keine Tags, Fügen Sie den ersten Tag hinzu!

MARC

LEADER 00000nam a2200000 a 4500
001 UCY0416
003 CL-VaPUC
008 940801e19620000US |||||||||||||||||eng|d
082 0 4 |a 628.35  |b CAL  |2 21 
100 0 |a Calaway, Wilson T  |e author  |9 328109 
700 0 |a Lackey, James B  |e author  |9 328110 
245 1 0 |a Waste protozoa: flagellata 
300 |a 140 p 
942 |c BK 
945 |d 19940801 00:00:00  |a mfernand 
260 |a Gainesville  |b University of Florida  |c 1962 
650 0 |a Aguas servidas  |9 261486 
650 7 |a TRATAMIENTO BIOLOGICO  |2 CL-VaPUC  |9 328111 
583 |a last modification  |c 20180523 10:33:51  |k Rodrigo Vera 
490 0 |a Florida engineering series, 3 
999 |c 229417  |d 229415 
952 |0 0  |1 0  |4 0  |6 628_350000000000000_CAL_1962  |7 0  |8 A  |9 230523  |a BIBALI  |b BIBALI  |c GEN  |d 2019-11-15  |i 2998939  |o 628.35 CAL 1962  |p 2998939  |r 2025-01-20  |w 2019-11-15  |y BK  |k ALI